000 01033nam0a22002771 4500
001 rc\2302143
005 20250623044214.0
035 _a(NLR Aleph) 006570277
090 _a6937369
_c6937369
100 _a20110829d1977 |||y0rusy50 ca
101 0 _arus
102 _aRU
105 _ay z |||||
200 1 _aНекоторые аспекты реализации централизованно расчитанных оперативных планов на автотранспорте
210 _aМосква
_cБ. и.
_d1977
215 _a11 с.
_d20
225 1 _aАН СССР. Центральный экономико-математический институт. Препринт
300 _aНа обл. авт. не указан
320 _aБиблиогр.: с. 11
700 1 _aКязимов
_bВ.А. оглы
_gВагиф Алескер оглы
801 0 _aRU
_bNLR
_gpsbo
801 1 _aRU
_bELAR
_2rusmarc
852 _aNLR
_j78-4/22057
899 _aRuMoRGB
_jБ 78-54/3471
942 _cBOOK
980 _aNB